[Event "ch-LTU"]
[Site "Vilnius LTU"]
[Date "2000.04.01"]
[Round "8"]
[White "Sarakauskas,G"]
[Black "Pavlovicius,V"]
[Result "1-0"]
[WhiteElo "2352"]
[BlackElo "2277"]

1.c4 Nf6 2.Nf3 c5 3.g3 b6 4.Bg2 Bb7 5.O-O g6 6.Nc3 Bg7 7.d4 cxd4 8.Nxd4 Bxg2
9.Kxg2 O-O 10.e4 Nc6 11.Be3 Qc8 12.b3 Qb7 13.f3 Rac8 14.Qd2 Rfe8 15.Rac1 d6
16.Rfd1 Ne5 17.Nde2 Nfd7 18.Bh6 Bh8 19.h4 Nf6 20.Nf4 b5 21.Nxb5 Nxf3 22.Qe2 Ne5
23.Nd5 Nfg4 24.Bg5 f6 25.Bf4 f5 26.Bg5 h6 27.Bxe7 Nf7 28.exf5 gxf5 29.Qe6 Qc6
30.Nd4 Bxd4 31.Rxd4 Rxe7 32.Qxc8+  1-0

[Event "Open"]
[Site "Bad Wildbad GER"]
[Date "2000.04.06"]
[Round "8"]
[White "Henrichs,T"]
[Black "Epishin,V"]
[Result "0-1"]
[WhiteElo "2428"]
[BlackElo "2667"]

1.Nf3 Nf6 2.c4 b6 3.g3 Bb7 4.Bg2 c5 5.O-O g6 6.Nc3 Bg7 7.d4 cxd4 8.Qxd4 d6
9.Be3 Nbd7 10.Rac1 a6 11.b3 O-O 12.Qh4 Rb8 13.Rfd1 h5 14.h3 Re8 15.g4 b5
16.g5 Nh7 17.c5 dxc5 18.Bxc5 Rc8 19.Bd4 e5 20.Be3 e4 21.Nd4 Qe7 22.Bf4 Rc5
23.Qg3 h4 24.Qxh4 Nxg5 25.Qg3 Bxd4 26.Rxd4 Ne6 27.Rxd7 Qxd7 28.Rd1 Qc8 29.Be5 Ng7  0-1

[Event "12th Open"]
[Site "Lenk SUI"]
[Date "2000.04.22"]
[Round "4"]
[White "Gheorghiu,F"]
[Black "Tukmakov,V"]
[Result "1/2-1/2"]
[WhiteElo "2462"]
[BlackElo "2574"]

1.Nf3 c5 2.c4 Nf6 3.g3 b6 4.Bg2 Bb7 5.O-O g6 6.b3 Bg7 7.Bb2 O-O 8.Nc3 Na6
9.e3 e6 10.Qe2 d5 11.d3 Qe7 12.cxd5 exd5 13.Rfd1 Nb4 14.Rac1 d4 15.exd4 Qxe2
16.Nxe2 Nxa2 17.Ra1 Nb4 18.dxc5 bxc5 19.Ra5 Rfd8 20.Ne1 Bxg2 21.Kxg2 Nd7
22.Bxg7 Kxg7 23.d4 Re8 24.Kf1 Nc6 25.Ra6 Nxd4 26.Nxd4 cxd4 27.Rxd4 Nc5  1/2-1/2

[Event "Israeli League"]
[Site "Ramat Aviv ISR"]
[Date "2000.04.28"]
[Round "9"]
[White "Bruk,O"]
[Black "Tsesarsky,I"]
[Result "1/2-1/2"]
[WhiteElo "2398"]
[BlackElo "2458"]

1.Nf3 Nf6 2.c4 b6 3.g3 Bb7 4.Bg2 c5 5.O-O g6 6.b3 Bg7 7.Bb2 O-O 8.Nc3 d6
9.d4 cxd4 10.Qxd4 Nbd7 11.Rac1 a6 12.Nd5 b5 13.Nxf6+ Bxf6 14.Qd2 Bxb2 15.Qxb2 Qb6
16.Qd4 Rfc8 17.Bh3 f5 18.Qh4 Nf6 19.Qg5 Kf7 20.Bg2 bxc4 21.bxc4 Rab8 22.Rb1 Qc7
23.Qh4 Bxf3 24.Rxb8 Qxb8 25.Bxf3 Qb4 26.Rc1 d5 27.Qd4 Qc5 28.e3 a5 29.Be2 Ne4
30.Rc2 Qxd4 31.exd4 dxc4 32.Rxc4 Rxc4 33.Bxc4+ Kf6 34.f4 Nd2 35.Be2 g5 36.Kf2 g4
37.Ke3 Ne4 38.a3 h5 39.d5 h4 40.gxh4 Kg6 41.Bd3 Nd6 42.Kd4 Kh5 43.Ke5 Kxh4
44.Bxf5 Kh3 45.Ke6 a4 46.Bxg4+ Kxg4 47.Kxe7 Nf5+ 48.Ke6 Nd4+ 49.Ke5 Nf3+
50.Ke4 Nd2+ 51.Kd3 Nb3 52.Kc4 Kxf4 53.d6 Na5+ 54.Kb5 Nb7 55.d7 Kg4 56.Kb6 Nd8
57.Kc7 Ne6+ 58.Kd6 Nd8 59.Kc7 Ne6+  1/2-1/2

[Event "Open"]
[Site "Dieren NED"]
[Date "2000.07.18"]
[Round "1"]
[White "Wilschut,P"]
[Black "L'Ami,E"]
[Result "1/2-1/2"]
[WhiteElo "2072"]
[BlackElo "2295"]

1.Nf3 Nf6 2.g3 b6 3.Bg2 Bb7 4.O-O c5 5.c4 g6 6.b3 Bg7 7.Bb2 O-O 8.Nc3 d5
9.Nxd5 Nxd5 10.Bxg7 Kxg7 11.cxd5 Qxd5 12.d4 cxd4 13.Nh4 Qd7 14.Bxb7 Qxb7
15.Qxd4+ Kg8 16.Rfd1 Nc6 17.Qe4 Rfd8 18.Rac1 Rxd1+ 19.Rxd1 Rd8 20.Rxd8+ Nxd8
21.Qd3 Ne6 22.Nf3 Qc7 23.Qd2 Qc5 24.h4 h5 25.Ng5 Nxg5 26.hxg5 b5 27.b4 Qe5
28.Kg2 a6 29.f3 Kg7 30.Kf2 Qf5 31.Kg2 Qe6 32.Kf2 f6 33.gxf6+ exf6 34.Kg2 g5
35.Qc2 Qc4 36.Qd2 Kg6 37.Kf2 Qe6 38.Qd3+ Kh6 39.Qd2 Kg6 40.Qd3+ Kg7 41.Qd2 Kf7
42.Qc2 f5 43.Qd2 Kg6 44.Qb2 Qb6+ 45.Kf1 Qd6 46.Kf2 h4 47.gxh4 Qh2+ 48.Kf1 gxh4
49.Qh8 Qh3+ 50.Kf2 Qg3+ 51.Kf1 f4 52.Qg8+ Kf6 53.Qf8+ Ke6 54.Qe8+ Kd5 55.Qd7+ Kc4
56.Qd3+ Kxb4 57.Qd4+ Ka3 58.Qd6+ Kb2 59.Qd2+ Kb1 60.Qd1+ Kxa2 61.Qd2+ Kb3
62.Qd3+ Ka4 63.Qd1+ Ka5 64.Qd8+ Kb4 65.Qd4+ Ka3 66.Qd3+ Ka4  1/2-1/2

[Event "GM"]
[Site "Biel SUI"]
[Date "2000.08.01"]
[Round "8"]
[White "Gelfand,B"]
[Black "Van Wely,L"]
[Result "1/2-1/2"]
[WhiteElo "2681"]
[BlackElo "2643"]

1.Nf3 Nf6 2.c4 c5 3.g3 b6 4.Bg2 Bb7 5.O-O g6 6.b3 Bg7 7.Bb2 O-O 8.Nc3 d5
9.Nxd5 Nxd5 10.Bxg7 Kxg7 11.cxd5 Qxd5 12.d4 cxd4 13.Qxd4+ Qxd4 14.Nxd4 Bxg2
15.Kxg2 Rc8 16.Rac1 Nd7 17.Rfd1 Nf6 18.e3 a6 19.Kf1  1/2-1/2

[Event "Lost Boys Open"]
[Site "Amsterdam NED"]
[Date "2000.08.14"]
[Round "4"]
[White "Bosboom,M"]
[Black "Epishin,V"]
[Result "0-1"]
[WhiteElo "2455"]
[BlackElo "2567"]

1.c4 Nf6 2.Nf3 b6 3.g3 Bb7 4.Bg2 c5 5.O-O g6 6.Nc3 Bg7 7.Re1 Ne4 8.Nd5 e6
9.Nf4 Nf6 10.Rb1 Nc6 11.a3 a5 12.d4 Nxd4 13.Nxd4 Bxg2 14.Nxg2 cxd4 15.Qxd4 O-O
16.e4 d6 17.Qd3 Qc7 18.Bf4 Rfd8 19.Rbd1 Bf8 20.Bg5 Be7 21.Qd4 Ng4 22.Bxe7 Qxe7
23.f4 Qc7 24.h3 e5 25.Qd5 Nf6 26.Qd3 Rac8 27.fxe5 dxe5 28.Qf3 Qc6 29.Ne3 Rxd1
30.Nxd1 Qe6 31.Ne3 Ne8 32.Kg2 Nd6 33.b3 b5 34.cxb5 Nxb5 35.Nc4 a4 36.Rb1 axb3  0-1

[Event "It"]
[Site "Miercurea Ciuc ROM"]
[Date "2000.08.20"]
[Round "2"]
[White "Bogza,A"]
[Black "Feher,G"]
[Result "0-1"]
[WhiteElo "2271"]
[BlackElo "2400"]

1.Nf3 Nf6 2.g3 b6 3.Bg2 Bb7 4.c4 c5 5.O-O g6 6.b3 Bg7 7.Bb2 O-O 8.e3 Nc6
9.d4 cxd4 10.Nxd4 Rc8 11.Nc3 Qc7 12.Nd5 Nxd5 13.cxd5 Nxd4 14.Bxd4 e5 15.Bb2 Qc2
16.Ba3 Rfe8 17.Qxc2 Rxc2 18.Be4 Rcc8 19.g4 Bf8 20.Bxf8 Kxf8 21.Rac1 Ba6 22.Rfe1 Ke7
23.g5 Kd6 24.f3 Rxc1 25.Rxc1 Rc8 26.Rd1 Rc5 27.Kf2 Bb7 28.b4 Rc4 29.Rb1 Rc3
30.Rb2 Ba6 31.a4 Bc4 32.a5 Rb3 33.Rxb3 Bxb3 34.axb6 axb6 35.h4 Bxd5 36.Bd3 Ke6
37.h5 Bb3 38.hxg6 hxg6 39.f4 d5 40.Bb5 Bc4 41.Be8 d4 42.Kf3 dxe3 43.Kxe3 Kf5
44.fxe5 Kxe5 45.b5 Kf5 46.Kd4 Bb3 47.Bd7+ Kxg5 48.Ke5 f5 49.Kd6 f4 50.Bh3 Bc4
51.Kc6 f3  0-1

[Event "6th WUCC"]
[Site "Golden Sands BUL"]
[Date "2000.09.07"]
[Round "7"]
[White "Filippov,V"]
[Black "Janssen,R"]
[Result "1-0"]
[WhiteElo "2593"]
[BlackElo "2414"]

1.Nf3 Nf6 2.c4 b6 3.g3 c5 4.Bg2 Bb7 5.O-O g6 6.Nc3 Bg7 7.d4 cxd4 8.Qxd4 d6
9.Rd1 Nbd7 10.Be3 Rc8 11.b3 O-O 12.Qh4 a6 13.Rac1 Rc7 14.Ne1 Bxg2 15.Nxg2 Qb8
16.Nf4 Re8 17.Nfd5 Rcc8 18.Bg5 Qb7 19.Rd3 Ne5 20.Bxf6 exf6 21.Rdd1 f5 22.Nf6+ Bxf6
23.Qxf6 b5 24.cxb5 axb5 25.Qxd6 Rc6 26.Qd4 Qc8 27.Qd2 Qa6 28.Nd5 Rxc1 29.Qxc1 b4
30.Nc7 Qxe2 31.Nxe8 Nf3+ 32.Kg2 Nh4+  1-0

[Event "chT-POL"]
[Site "Zakopane chT"]
[Date "2000.09.12"]
[Round "10"]
[White "Volzhin,A"]
[Black "Staniszewski,Pi"]
[Result "1/2-1/2"]
[WhiteElo "2556"]
[BlackElo "2434"]

1.Nf3 Nf6 2.c4 b6 3.g3 c5 4.Bg2 Bb7 5.O-O g6 6.Nc3 Bg7 7.Re1 Nc6 8.d4 Nxd4
9.Nxd4 Bxg2 10.Kxg2 cxd4 11.Qxd4 O-O 12.Bg5 Rc8 13.Rad1 Rc5  1/2-1/2

[Event "XVI ECC"]
[Site "Neum BIH"]
[Date "2000.09.26"]
[Round "3"]
[White "Filippov,V"]
[Black "Nikolic,Pr"]
[Result "0-1"]
[WhiteElo "2593"]
[BlackElo "2657"]

1.Nf3 Nf6 2.c4 b6 3.g3 c5 4.Bg2 Bb7 5.O-O g6 6.Nc3 Bg7 7.d4 cxd4 8.Qxd4 d6
9.Rd1 Nbd7 10.Be3 Rc8 11.Rac1 O-O 12.Qh4 a6 13.b3 Re8 14.g4 b5 15.cxb5 Nxg4
16.Bd4 Ngf6 17.a4 Nc5 18.bxa6 Bxa6 19.Nd2 Ne6 20.Be3 h5 21.h3 d5 22.Nc4 d4
23.Nb5 Bxb5 24.axb5 Nd5 25.Bd2 Rc5 26.b6 Rb5 27.Ba5 Ndf4 28.b7 Nxg2 29.Bxd8 Nxh4
30.Bb6 Kh7 31.Ra1 Rb8 32.Ra7 Nf8 33.Rda1 d3  0-1

[Event "Veselin Boskovic Mem"]
[Site "Belgrade YUG"]
[Date "2000.10.12"]
[Round "9"]
[White "Georgiev,Ki"]
[Black "Andersson,U"]
[Result "1/2-1/2"]
[WhiteElo "2661"]
[BlackElo "2641"]

1.Nf3 Nf6 2.c4 c5 3.g3 b6 4.Bg2 Bb7 5.O-O g6 6.b3 Bg7 7.Bb2 O-O 8.Nc3 d5
9.Nxd5 Nxd5 10.Bxg7 Kxg7 11.cxd5 Qxd5 12.d4 Na6 13.dxc5 Nxc5 14.Qxd5 Bxd5
15.Rfd1 Rfd8 16.Ne5  1/2-1/2

[Event "It"]
[Site "Alushta UKR"]
[Date "2000.10.25"]
[Round "11"]
[White "Itkis,B"]
[Black "Alexandrova,O"]
[Result "1/2-1/2"]
[WhiteElo "2384"]
[BlackElo "2421"]

1.Nf3 c5 2.g3 b6 3.Bg2 Bb7 4.O-O Nf6 5.c4 g6 6.b3 Bg7 7.Bb2 O-O 8.Nc3 d6
9.d4 cxd4 10.Nxd4 Bxg2 11.Kxg2 Qc7 12.e4 Qb7 13.Qe2 Nbd7 14.Rad1 Rac8 15.Rfe1 Rfe8
16.Kg1 a6 17.Nd5  1/2-1/2

[Event "34th Olympiad Women"]
[Site "Istanbul TUR"]
[Date "2000.10.30"]
[Round "3"]
[White "Peicheva,E"]
[Black "Radziewicz,I"]
[Result "1/2-1/2"]
[WhiteElo "2162"]
[BlackElo "2379"]

1.Nf3 b6 2.g3 Bb7 3.Bg2 c5 4.c4 Nf6 5.O-O g6 6.b3 d6 7.d4 cxd4 8.Qxd4 Bg7
9.Bb2 O-O 10.Qd2 Nbd7 11.Nc3 Nc5 12.Rfd1 Nfe4 13.Nxe4 Nxe4 14.Qc2 Bxb2 15.Qxb2 Qc8
16.Qd4 Nf6 17.Rac1 Qc5 18.h3 Rac8 19.Qxc5 bxc5 20.Ne1 Ba6 21.Nd3 Rb8 22.h4 Bc8
23.Nf4 a5 24.Bc6 Be6 25.f3 Rfc8 26.Bb5 Kf8 27.a4 h6 28.g4 g5 29.hxg5 hxg5
30.Nh3 Nh7 31.Nf2 Kg7 32.Ne4 f6 33.Kf2 Nf8 34.Rd2 Ng6 35.Rh1 Rh8 36.Rdd1 Nh4
37.e3 Bc8 38.Ng3 Kf7 39.e4 Be6 40.Nf5 Ng6 41.Nh6+ Kg7 42.Nf5+ Bxf5 43.exf5 Ne5
44.Ke3 Rh4 45.Rxh4 gxh4 46.Rg1 h3 47.Kf4 Rh8 48.Rh1 Kf7 49.Kg3 h2 50.f4 Nd3
51.Bc6 Kg7 52.Be4 Rb8 53.Rb1 Rh8 54.Rh1 Rb8 55.Rb1 Rb6  1/2-1/2

[Event "34th Olympiad"]
[Site "Istanbul TUR"]
[Date "2000.11.04"]
[Round "7"]
[White "Romanishin,O"]
[Black "Polgar,Ju"]
[Result "1/2-1/2"]
[WhiteElo "2591"]
[BlackElo "2656"]

1.Nf3 Nf6 2.c4 c5 3.g3 b6 4.Bg2 Bb7 5.O-O g6 6.Nc3 Bg7 7.Re1 d6 8.e4 e5 9.d4 Nc6
10.dxe5 dxe5 11.Nd5 O-O 12.Bg5 Re8 13.a3 Nd4 14.Nxd4 cxd4 15.b4 Bxd5 16.cxd5 h6
17.Bxf6 Qxf6 18.Rc1 Rec8 19.Qg4 Qd8 20.Bh3 Rxc1 21.Rxc1 Bf8 22.Qd7 Qxd7 23.Bxd7 a5
24.Bc6 Ra7 25.bxa5 Rxa5 26.a4 Rc5 27.Rxc5 Bxc5 28.Bb5  1/2-1/2

[Event "Mitropa Cup"]
[Site "Aymavilles ITA"]
[Date "2000.11.25"]
[Round "8"]
[White "Vaculik,M"]
[Black "Castaldo,F"]
[Result "1/2-1/2"]
[WhiteElo "2222"]
[BlackElo "2227"]

1.Nf3 Nf6 2.g3 b6 3.Bg2 Bb7 4.O-O c5 5.c4 g6 6.b3 Bg7 7.Bb2 O-O 8.d4 cxd4
9.Nxd4 Bxg2 10.Kxg2 d6 11.Nc3 Qd7 12.e4 Qb7 13.f3 Nbd7 14.Qe2 a6 15.Nc2 Rac8
16.Ne3 Rfe8 17.Rac1 h5 18.Kg1 Qa7 19.Kg2 b5 20.cxb5 axb5 21.a4 bxa4 22.bxa4 Nc5
23.Ra1 h4 24.a5 hxg3 25.hxg3 Qa8 26.Ncd5 Nxd5 27.Nxd5 Bxb2 28.Qxb2 Rb8 29.Qc3 Rb3
30.Qd4 Rd3  1/2-1/2

[Event "TCh-FIN 00-01"]
[Site "FIN"]
[Date "2001.01.13"]
[Round "6"]
[White "Salo,Ta"]
[Black "Solozhenkin,E"]
[Result "0-1"]
[WhiteElo "2324"]
[BlackElo "2506"]

1.Nf3 Nf6 2.c4 b6 3.g3 c5 4.Bg2 Bb7 5.O-O g6 6.Nc3 Bg7 7.d4 cxd4 8.Qxd4 d6
9.Be3 Nbd7 10.Rac1 O-O 11.Qd2 a6 12.b3 Rc8 13.Rfd1 Re8 14.Bh3 Rc7 15.Nd4 Qb8
16.f3 Ba8 17.Bf2 e6 18.e4 Ne5 19.Bg2 Rec8 20.Nde2 Ne8 21.Nd4 Nf6 22.Nde2 Bf8
23.a4 Nc6 24.h3 Nd7 25.g4 Nc5 26.Rb1 Nb4 27.Ng3 Ncd3 28.Bd4 e5 29.Be3 Re8
30.Bf1 Nc5 31.Be2 Bb7 32.Kh1 Qd8 33.Rg1 Kh8 34.Nd1 a5 35.Nf2 Qe7 36.Nd3 Nc6
37.Bd1 Bg7 38.Rb2 Bc8 39.Qc3 Bf6 40.Qd2 Rb7 41.Nf2 Ne6 42.Ne2 Bg5 43.Nc3 Bxe3
44.Qxe3 Nb4 45.Nd5 Nxd5 46.cxd5 Nf4 47.Be2 Bd7 48.Rc2 b5 49.Bxb5 Bxb5 50.axb5 Rxb5
51.Rgc1 Qh4 52.Kh2 Kg7 53.Rc3 Reb8 54.R1c2 R8b7 55.Ra2 h5 56.Rac2 Rb4 57.Ra2 a4
58.bxa4 Rb2 59.Rc2 R7b3  0-1

[Event "Corus Reserve Gp"]
[Site "Wijk aan Zee NED"]
[Date "2001.01.23"]
[Round "7"]
[White "Krnic,Z"]
[Black "Markus,J"]
[Result "1-0"]
[WhiteElo "2390"]
[BlackElo "2225"]


1.Nf3 Nf6 2.c4 c5 3.g3 b6 4.Bg2 Bb7 5.O-O g6 6.Nc3 Bg7 7.Re1 d6 8.d4 cxd4
9.Nxd4 Bxg2 10.Kxg2 O-O 11.e4 Qc7 12.b3 Nbd7 13.Bg5 Rfe8 14.Qd2 a6 15.Rac1 Qb7
16.f3 Rac8 17.a4 Nc5 18.b4 Ncd7 19.Nd5 e6 20.Nxf6+ Nxf6 21.Nb3 Qb8 22.b5 axb5
23.cxb5 Nd7 24.Red1 Rxc1 25.Rxc1 Nc5 26.Nxc5 dxc5 27.a5 bxa5 28.Qxa5 Bd4
29.Qa6 Qa8 30.Rc4 Qxa6 31.bxa6 Ra8 32.Ra4 Kf8 33.Kf1 Ke8 34.Ke2 Kd7 35.Kd3 Kc6
36.Kc4 Kb6 37.Be7 Ra7 38.Bd6 Kc6 39.Bb8 Ra8 40.a7 Kb7 41.f4 Kb6 42.g4 f5
43.exf5 exf5 44.g5 Kc6 45.Ra3 Bg7 46.Rh3 Bf8 47.Rxh7 Bd6 48.Bxd6 Kxd6 49.Rg7  1-0

[Event "Corus Reserve Gp"]
[Site "Wijk aan Zee NED"]
[Date "2001.01.25"]
[Round "8"]
[White "Hartoch,R"]
[Black "Markus,J"]
[Result "1/2-1/2"]
[WhiteElo "2319"]
[BlackElo "2225"]


1.Nf3 Nf6 2.g3 b6 3.Bg2 Bb7 4.O-O c5 5.c4 g6 6.b3 Bg7 7.Bb2 O-O 8.d4 cxd4
9.Qxd4 d6 10.Nc3 Ne4 11.Qe3 Nxc3 12.Bxc3 Bxc3 13.Qxc3 Nd7 14.Rfd1 Nf6 15.Rd4 Rc8
16.Qe3 Kg7  1/2-1/2

[Event "TCh-FRA"]
[Site "Bordeaux FRA"]
[Date "2001.02.03"]
[Round "2"]
[White "Hamdouchi,H"]
[Black "Solozhenkin,E"]
[Result "1/2-1/2"]
[WhiteElo "2535"]
[BlackElo "2506"]

1.Nf3 Nf6 2.c4 b6 3.g3 c5 4.Bg2 Bb7 5.O-O g6 6.d4 cxd4 7.Qxd4 Bg7 8.Nc3 d6
9.Be3 Nbd7 10.Rac1 O-O 11.Qh4 Rc8 12.Rfd1 a6 13.b3 Rc7 14.g4 b5 15.g5 Nh5
16.Nd5 Bxd5 17.cxd5 Rxc1 18.Rxc1 Qa5 19.a4 Bc3 20.Qe4 Re8 21.Qc2 b4 22.Nd4 Nc5
23.Nc6 Qc7 24.Bf3  1/2-1/2

[Event "TCh-FRA"]
[Site "Bordeaux FRA"]
[Date "2001.02.04"]
[Round "3"]
[White "Badea,B"]
[Black "Hamdouchi,H"]
[Result "1/2-1/2"]
[WhiteElo "2460"]
[BlackElo "2535"]

1.Nf3 Nf6 2.g3 b6 3.Bg2 Bb7 4.O-O c5 5.c4 g6 6.Nc3 Bg7 7.Re1 d6 8.e4 Nc6
9.d4 cxd4 10.Nxd4 Nxd4 11.Qxd4 O-O 12.Qd3  1/2-1/2

[Event "ch-ROM"]
[Site "Baile Tusnad ROM"]
[Date "2001.02.06"]
[Round "2"]
[White "Florean,A"]
[Black "Ionescu,Co"]
[Result "1/2-1/2"]
[WhiteElo "2436"]
[BlackElo "2504"]

1.Nf3 c5 2.g3 b6 3.Bg2 Bb7 4.O-O Nf6 5.c4 g6 6.b3 Bg7 7.Bb2 O-O 8.Nc3 d5
9.Nxd5 Nxd5 10.Bxg7 Kxg7 11.cxd5 Qxd5 12.d4 Na6 13.Nh4  1/2-1/2

[Event "9th Aosta Valley"]
[Site "Saint Vincent ITA"]
[Date "2001.02.07"]
[Round "5"]
[White "Lalic,B"]
[Black "Colovic,A"]
[Result "1/2-1/2"]
[WhiteElo "2531"]
[BlackElo "2416"]

1.Nf3 c5 2.c4 Nf6 3.g3 b6 4.Bg2 Bb7 5.O-O g6 6.Nc3 Bg7 7.d4 cxd4 8.Qxd4 d6
9.Be3 Nbd7 10.Rac1 Rc8 11.b3 O-O 12.Qh4 a6 13.Rfd1 Re8 14.Bh3 Rc7 15.Bh6 Qa8
16.Ng5 Nf8 17.Bxg7 Kxg7 18.Qd4  1/2-1/2

[Event "Czech Extra League 2000-1"]
[Site "CZE"]
[Date "2001.02.24"]
[Round "6"]
[White "Kalod,R"]
[Black "Klima,L"]
[Result "1-0"]
[WhiteElo "2490"]
[BlackElo "2282"]

1.Nf3 Nf6 2.c4 b6 3.g3 c5 4.Bg2 Bb7 5.O-O g6 6.Nc3 Bg7 7.Re1 O-O 8.e4 d6
9.d4 Nc6 10.d5 Ne5 11.Nxe5 dxe5 12.Be3 Ne8 13.a3 Nd6 14.Qd3 Ba6 15.b3 f5
16.Bd2 Qc7 17.Rad1 Rad8 18.Bc1 Bc8 19.exf5 gxf5 20.Bb2 a6 21.Qe2 e4 22.Kh1 Nf7
23.f3 exf3 24.Qxf3 Qd6 25.Na4 Bxb2 26.Nxb2 Ne5 27.Qe3 Ng6 28.Nd3 Rf6 29.b4 cxb4
30.axb4 a5 31.c5 bxc5 32.bxc5 Qa6 33.Nf4 Nxf4 34.Qxf4 Kf8 35.Qe5 Qa7 36.d6  1-0

[Event "Dutch Open Blitzchess"]
[Site "Dordrecht NED"]
[Date "2001.02.24"]
[Round "12"]
[White "Bosboom,M"]
[Black "Lautier,J"]
[Result "0-1"]
[WhiteElo "2439"]
[BlackElo "2658"]

1.c4 Nf6 2.Nf3 b6 3.g3 c5 4.Bg2 Bb7 5.O-O g6 6.Nc3 Bg7 7.Rb1 Nc6 8.a3 O-O
9.b4 d6 10.bxc5 dxc5 11.d3 Qc7 12.Bf4 Qd7 13.Qd2 Rfe8 14.Bh6 Bh8 15.Bg5 Rab8
16.a4 Nd4 17.Nxd4 Bxg2 18.Kxg2 Qxd4 19.a5 bxa5 20.Nb5 Qg4 21.Bxf6 Bxf6 22.h3 Qe6
23.e3 a6 24.Nc3 Qc6+ 25.Ne4 Bg7 26.Kg1 Rb4 27.Qa2 Reb8 28.Rxb4 axb4 29.Rb1 h6
30.h4 f5 31.Nd2 Rd8 32.Qc2 a5 33.h5 gxh5 34.d4 cxd4 35.exd4 Rxd4 36.Nb3 Rxc4
37.Qxf5 a4 38.Na5 Qe4 39.Qxe4 Rxe4 40.Nc6 b3  0-1

[Event "Tch-NED"]
[Site "NED"]
[Date "2001.03.03"]
[Round "5"]
[White "Hartoch,R"]
[Black "Bezemer,A"]
[Result "1/2-1/2"]
[WhiteElo "2319"]
[BlackElo "2276"]

1.Nf3 c5 2.c4 Nf6 3.g3 b6 4.Bg2 Bb7 5.O-O g6 6.b3 Bg7 7.Bb2 O-O 8.d4 cxd4
9.Qxd4 d6 10.Nc3 Ne4 11.Qe3 Nxc3 12.Bxc3 Bxc3 13.Qxc3 Nd7 14.Rfd1 Nf6  1/2-1/2

[Event "4NCL"]
[Site "Birmingham ENG"]
[Date "2001.03.18"]
[Round "8"]
[White "Johnstone,P"]
[Black "Bellin,R"]
[Result "1/2-1/2"]
[WhiteElo "2299"]
[BlackElo "2356"]

1.c4 c5 2.Nf3 Nf6 3.g3 b6 4.Bg2 Bb7 5.O-O g6 6.Nc3 Bg7 7.d3 O-O 8.e4 Nc6
9.h3 Ne8 10.Nh4 Nd4 11.Bg5 f6 12.Be3 e6 13.Nf3 f5 14.exf5 Nxf3+ 15.Bxf3 Bxf3
16.Qxf3 gxf5 17.Rad1 Nd6 18.Qe2 Rc8 19.Kh2 Kh8 20.Bf4  1/2-1/2

[Event "It"]
[Site "Oakham ENG"]
[Date "2001.04.04"]
[Round "7"]
[White "McNab,C"]
[Black "Levitt,J"]
[Result "1/2-1/2"]
[WhiteElo "2403"]
[BlackElo "2438"]

1.Nf3 b6 2.g3 Bb7 3.Bg2 c5 4.c4 Nf6 5.O-O g6 6.b3 Bg7 7.Bb2 O-O 8.Nc3 Nc6
9.e3 d5 10.Nxd5 Nxd5  1/2-1/2

[Event "Spring Festival Women"]
[Site "Bucharest ROM"]
[Date "2001.04.07"]
[Round "2"]
[White "Apostoaie,Li"]
[Black "Goczo,M"]
[Result "1/2-1/2"]
[WhiteElo "2180"]
[BlackElo "2185"]

1.Nf3 Nf6 2.g3 b6 3.Bg2 Bb7 4.O-O g6 5.c4 c5 6.Nc3 Bg7 7.d4 cxd4 8.Qxd4 O-O
9.Qh4 Qc8 10.Rd1 d6 11.Rb1 a6 12.Ne1 Nbd7 13.Bxb7 Qxb7 14.g4 Ne4 15.Nd5 e6
16.Ne3 g5 17.Qh3 f5 18.f3 f4 19.N3c2 Nef6 20.e3 fxe3 21.Bxe3 h6 22.Rxd6 Ne5
23.Rxb6 Qf7 24.b3 h5 25.Ng2 hxg4 26.fxg4 Nfxg4 27.Nd4 Nxe3 28.Nxe3 g4 29.Qg3 Qg6
30.Rd1 Nf3+ 31.Nxf3 Rxf3 32.Qxg4 Qxg4+ 33.Nxg4 Rf4 34.Ne3 Re4 35.Nc2 Re2
36.Nb4 a5 37.Nc6 Rxa2 38.Rb7 a4 39.bxa4 R2xa4 40.Rdd7 Bf6 41.c5 Ra1+ 42.Kf2 R8a2+
43.Ke3 Re1+ 44.Kd3 Rd1+ 45.Kc4 Rc2+ 46.Kb5 Rb2+ 47.Ka6 Ra2+ 48.Kb6 Rb2+ 49.Ka6 Ra2+
50.Kb6 Rb2+ 51.Ka7 Ra2+ 52.Kb8 Rxd7 53.Rxd7 Rc2 54.Ne7+ Bxe7 55.Rxe7 Rxc5
56.Rxe6 Rh5 57.Re2 Rh7 58.Rg2+ Rg7 59.Rf2 Rh7 60.Kc8 Rf7 61.Re2 Rh7 62.Kd8 Kf8
63.Rg2  1/2-1/2

[Event "Spring Festival"]
[Site "Bucharest ROM"]
[Date "2001.04.08"]
[Round "3"]
[White "Ionescu,Co"]
[Black "Vasiesiu,D"]
[Result "1/2-1/2"]
[WhiteElo "2504"]
[BlackElo "2439"]

1.Nf3 Nf6 2.g3 b6 3.Bg2 Bb7 4.O-O c5 5.c4 g6 6.Nc3 Bg7 7.d4 cxd4 8.Qxd4 d6
9.Be3 Nbd7 10.Rac1 O-O 11.Qd2 Rc8 12.b3 a6 13.Bh3 Rc7 14.Rfd1 Qa8 15.Nd4 Re8  1/2-1/2

[Event "It"]
[Site "Antalya TUR"]
[Date "2001.04.09"]
[Round "12"]
[White "Radulov,I"]
[Black "Mastrovasilis,A"]
[Result "1/2-1/2"]
[WhiteElo "2389"]
[BlackElo "2439"]

1.Nf3 Nf6 2.g3 b6 3.Bg2 Bb7 4.O-O c5 5.c4 g6 6.Nc3 Bg7 7.e3 O-O 8.Qe2 d5
9.d3 e6 10.Rd1 Qe7 11.Bd2 Nc6 12.Be1 Rfd8 13.Rac1 Rd7 14.cxd5 Nxd5 15.d4 cxd4
16.Nxd4 Nxd4 17.exd4 Rad8 18.Qc4 h5 19.Ne2 Qd6 20.Qa4 Qb8 21.Bd2 Bf6 22.h4 Qa8
23.Kh2 Ne7 24.Bxb7 Qxb7 25.Be3 Qf3 26.Ng1 Qf5 27.Qc2 Qa5 28.b3 Nf5 29.Nf3 Kg7
30.Rd3 Qd5 31.Rcd1 Kg8 32.Ne5 Nxe3 33.Rxe3 Bxe5 34.Rxe5 Qxe5 35.dxe5 Rxd1
36.Kg2 R1d5 37.Qc7 R8d7 38.Qc6 Kf8 39.Qa8+ Kg7 40.Qc6 Re7 41.Qc3 Rc5 42.Qd4 Rcc7
43.g4 Red7 44.Qf4 hxg4 45.h5 gxh5 46.Qg5+ Kf8 47.Qh6+  1/2-1/2

[Event "32nd Open"]
[Site "Mar del Plata ARG"]
[Date "2001.04.11"]
[Round "5"]
[White "Forestani,A"]
[Black "Giardelli,S"]
[Result "0-1"]
[WhiteElo "2227"]
[BlackElo "2438"]

1.c4 Nf6 2.Nf3 c5 3.g3 b6 4.Bg2 Bb7 5.O-O g6 6.Nc3 Bg7 7.d3 O-O 8.Rb1 d5
9.Nd2 e6 10.a3 Qe7 11.e3 Rd8 12.Qe2 Nc6 13.Nf3 Rd7 14.Rd1 Rad8 15.cxd5 Nxd5
16.Bd2 Nc7 17.Ne1 e5 18.b4 Ne6 19.b5 Na5 20.Na2 Bxg2 21.Kxg2 Nb7 22.Bc3 f5
23.Rdc1 Nd6 24.Qb2 Nf7 25.Rc2 Rd6 26.Nc1 Qb7+ 27.f3 g5 28.Rf2 g4 29.Kf1 Neg5
30.f4 Nh3 31.Rg2 Re6 32.Qb3 Rde8 33.Na2 exf4  0-1

[Event "Open"]
[Site "Metz FRA"]
[Date "2001.04.13"]
[Round "7"]
[White "Delchev,A"]
[Black "Shchekachev,A"]
[Result "1-0"]
[WhiteElo "2584"]
[BlackElo "2543"]

1.Nf3 c5 2.c4 Nf6 3.g3 b6 4.Bg2 Bb7 5.O-O g6 6.Nc3 Bg7 7.d4 cxd4 8.Qxd4 d6
9.Be3 Nbd7 10.Rac1 O-O 11.Qd2 a6 12.b3 Rb8 13.Rfd1 Re8 14.Nd4 Bxg2 15.Kxg2 Qc8
16.f3 Qb7 17.Bg5 Rbc8 18.e4 Nc5 19.Be3 h5 20.h3 Ncd7 21.a4 Nc5 22.Rb1 Red8
23.Nde2 Re8 24.Nf4 Nfd7 25.Nd3 Nf6 26.Nf2 Ne6 27.Rdc1 Nc7 28.Nd5 Ncxd5 29.cxd5 Nd7
30.g4 hxg4 31.hxg4 Rxc1 32.Rxc1 Rc8 33.Nd3 Rxc1 34.Qxc1 Nc5 35.Nb4 a5 36.Nc6 Nxb3
37.Qb1 Nc5 38.Bxc5 dxc5 39.e5 Bxe5 40.Nxe5 Qxd5 41.Qe4 Qd2+ 42.Kg3 Qd1 43.f4 Qg1+
44.Qg2 Qe1+ 45.Qf2 Qe4 46.Qa2 Qe1+ 47.Kh2 e6 48.Nf3 Qb4 49.Kg3 c4 50.Qd2 Qxd2
51.Nxd2 c3 52.Nb3 f5 53.Nd4 Kf7 54.g5 Ke7 55.Kf3 Kd6 56.Ke3 Kd5 57.Kd3 e5
58.Ne2 c2 59.Kxc2 Ke4 60.fxe5 Kxe5 61.Kd3 f4 62.Nd4 Kd5 63.Nf3 b5 64.axb5 Kc5
65.Nd4 a4 66.Ne6+  1-0

[Event "FSGM April"]
[Site "Budapest HUN"]
[Date "2001.04.14"]
[Round "8"]
[White "Almasi,I"]
[Black "Barczay,L"]
[Result "1/2-1/2"]
[WhiteElo "2424"]
[BlackElo "2391"]

1.Nf3 Nf6 2.g3 c5 3.c4 b6 4.Bg2 Bb7 5.O-O g6 6.Nc3 Bg7 7.d4 cxd4 8.Qxd4 Nc6
9.Qf4 Qb8 10.Qxb8+ Rxb8 11.Bf4 Rc8 12.Nb5 Nh5 13.Rad1 Nxf4 14.gxf4 a6 15.Nc3 Bxc3
16.bxc3 Na5 17.Rd4 Nxc4 18.Rb1 Rc7 19.Ne5 Bxg2 20.Kxg2 Nxe5 21.fxe5 Rc6 22.Rbd1 O-O
23.Rxd7 Re6 24.f4 f6 25.exf6 Rfxf6 26.Kf3 g5 27.e3 gxf4 28.exf4 Kf7 29.h4 Rc6
30.R1d3 Rc4 31.R7d4 Rfc6 32.Rxc4 Rxc4 33.Re3 h5 34.Rd3 Kf6 35.Re3 Rc5 36.Ke4 Ra5
37.Re2 e6 38.c4 Ra4 39.Kd3 Ra3+ 40.Kd4 Ra4 41.Kd3 Ra3+ 42.Kd4 Rf3 43.Ke4 Rc3  1/2-1/2

[Event "Masters"]
[Site "Besancon FRA"]
[Date "2001.04.23"]
[Round "3"]
[White "Claverie,C"]
[Black "Neiman,E"]
[Result "1/2-1/2"]
[WhiteElo "2358"]
[BlackElo "2318"]

1.Nf3 Nf6 2.g3 b6 3.Bg2 Bb7 4.O-O c5 5.c4 g6 6.Nc3 Bg7 7.Re1 O-O 8.e4 d6
9.d4 cxd4 10.Nxd4 Qc8 11.b3 Nc6 12.Nc2 Nd7 13.Bb2 Nc5 14.Rb1 Ne5 15.Nd5 Re8
16.f4 Ned3 17.Bxg7 Nxe1 18.Ba1 Nxc2 19.Qxc2 Bxd5 20.cxd5 f6 21.b4 Na6 22.Qd3 b5
23.Bf1 Rb8 24.Qd4 Rb7 25.e5 Rf8 26.exf6 exf6 27.Bd3 Qe8 28.f5 g5 29.a4 Nc7
30.axb5 Nxb5 31.Qf2 a6 32.Re1 Re7 33.Re6 Nc7 34.Qc2 Kg7 35.Qd2 h6 36.Bc4 Rff7
37.Qd4 Rf8 38.Qe4 Nxe6 39.fxe6 Kh8 40.Qf3 Rg7 41.Bxf6 Kg8 42.Bd3 Qb8 43.Kg2 Qxb4
44.e7 Qd2+ 45.Kf1 Qxd3+ 46.Qxd3 Rxf6+ 47.Kg2 Rxe7 48.Qxa6 h5 49.Kh3 Kg7 50.Qd3 Ref7
51.Qe3 Rf5 52.Qe6 R5f6 53.Qe8 Rf2 54.Qe6 R7f6 55.Qe8 Kh6 56.Qh8+ Kg6 57.Qg8+ Kf5
58.Qh7+ Ke5 59.Qxh5 R2f5 60.Qd1 Ke4 61.Kg4 Re5 62.Qd2 Ref5 63.h3 Re5 64.Qa5 Rff5
65.Qb4+ Ke3 66.Qc3+  1/2-1/2